000 00588cam a22001935a 4500
001 L155856
008 120418s1839 xxk f 000 0 eng d
035 _a(Sirsi) u155856
041 0 _aeng
100 1 _aInwood, William
_d1771?-1843
245 0 0 _aTables for the purchasing of estates, freehold, copyhold, or leasehold &c.
250 _a8th thous., corrected
260 _aLondon
_bJohn Weale
_c1839
300 _a125 p.
_c17 cm.
583 _aCondition reviewed
_c20120620
_lcondition level 1
651 4 _aGreat Britain
_y1707-
690 _aLandlord and tenant
_96252
942 _n0
999 _c113876
_d113876